US Cities - First Words Quiz Stats

Quiz Updated Nov 21, 2011

Challenge
Share
Tweet
Embed
Score 0/21 Timer 06:00
12 Plays Today
# Word % Correct
275New
93.2%
92San
81%
122La
78%
191South
74.9%
224North
74.8%
235West
74%
187East
73.8%
193St.
67.1%
49El
51%
120Fort
46.1%
235Lake
45.2%
# Word % Correct
138Mount
39.5%
80Port
33.9%
52Big
29.6%
46Grand
27.4%
68White
26.6%
53Spring
23.5%
65Oak
16.5%
43Mountain
14.5%
66Pine
11%
43Cedar
10.7%

You're not logged in!

Compare scores with friends on all Sporcle quizzes.
Join for Free
OR
Log In

You Might Also Like...

Show Comments

Extras

Top Quizzes Today


Score Distribution

Your Account Isn't Verified!

In order to create a playlist on Sporcle, you need to verify the email address you used during registration. Go to your Sporcle Settings to finish the process.

Report this User

Report this user for behavior that violates our Community Guidelines.

Details: